000 00196nam a2200097Ia 4500
100 _aGreen/R
942 _cBK
245 _aElements of Rolling Practice
260 _bUnited Steel Co
300 _a158
999 _c22446
_d22446